000 00196 a2200097 4500
020 _a9780964366558
041 _aspa
100 _aMar Cahill
245 _aA un solo latido de distancia
942 _cK
999 _c26902
_d26902